00773nam a2200229 a 450000100060000000300080000600500170001400800410003103500200007204000260009204100080011808200240012610000260015024501010017625000200027726000650029730000270036249000310038950400360042060000650045670000220052154765BD-RjUL20211209080151.0161110r2005 nyu||||| b||| 001 0 eng d a(BD-RjUL) 54887 aBD-RjULbengcBD-RjUL aeng 223a821.8bBRR 2005 a Browning, Robert aRobert Browning's poetry : bauthoritative texts, criticism /cRobert Browning; James F. Loucks; aSouth Asian ed. aNew York :bW. W. Norton & Company, cc2002 [Reprinted 2005] axiv, 604 p. ;c21 cm.  a Norton critical edition. aIncludes bibliography and index a Browning, Robertd1812-1889xCriticism and interpretation.  aLoucks, James F.